Statistics for Top 10 Countries with the Most Sheep per Capita

Click here to take the quiz!

General Stats

  • This quiz has been taken 2,162 times
  • The average score is 3 of 10

Answer Stats

# per 1,000Country% Correct
6,609New Zealand
94%
3,095Australia
82%
7,978Mongolia
53%
1,486Iceland
21%
2,638Turkmenistan
20%
2,398Uruguay
10%
1,228Namibia
6%
1,172Somalia
5%
2,305Mauritania
4%
1,406South Sudan
3%

Score Distribution

Percentile by Number Answered

Percent of People with Each Score

Your Score History

You have not taken this quiz